zpět

Detail výsledku týmu

Restaurace Mamut, Most

Datum a čas kvízu

21.5 Celkem bodů Celkový počet nahraných bodů na tomto kvízu bez doplňovacích otázek.
10. Pořadí na kvízu Konečné umístění týmu na tomto kvízu.

Zaznamenané odpovědi

# Otázka Odpověď Body Výsledky
1. Čerstvý výtisk nového dobrodru... Dan Brown; Tajemství všech tajemství 0.5
2. Ve čtvrtek odsoudil nejvyšší s... Brazílie; Jair Bolsonaro 0
3. Ve čtvrtek měla v českých kin... Srnky 1
4. 81letý americký podnikatel Lar... Oracle 0
5. V sobotu byl slavnostně zaháje... atletika; Tokio 0
6. V tomto tématu se budeme zabýv... děda - vnuk 0
7. Chronologicky seřaďte vybrané... 1D 2B 3C 4A 0
8. Která z uvedených osobností je... A 0
9. V této otázce nás bude zajímat... Přemysl Otakar I. 0
10. Přiřaďte příbuzenské vztahy vy... 1C 2D 3B 4A 1